|
|
|
|
| LEADER |
00661nam a22002172a 4500 |
| 001 |
001307681 |
| 003 |
CZ BrMZK |
| 005 |
20130710125512.0 |
| 007 |
ta |
| 008 |
130703s1940 xr er|||||||||||cze d |
| 015 |
|
|
|a cnb000753956
|
| 035 |
|
|
|a (OCoLC)77326789
|
| 040 |
|
|
|a ABA001
|b cze
|c LIA001
|d ABA001
|d BOA001
|
| 100 |
1 |
|
|a Hlaváček, Karel,
|d 1874-1898
|7 jk01041213
|4 aut
|
| 245 |
1 |
0 |
|a Z básní /
|c Karel Hlaváček
|
| 260 |
|
|
|a Myslibořice :
|b [Klub bibliofilů],
|c 1940
|
| 300 |
|
|
|a [4 s]. ;
|c 8°
|
| 910 |
|
|
|a BOA001
|b 2-0170.940
|
| 990 |
|
|
|a BK
|
| 991 |
|
|
|b 201307
|
| 996 |
7 |
|
|b 2619580770
|c 2-0170.940
|l MZK
|r Sklad / do 24 hodin
|n 0
|w 001342395
|u 000010
|a 1
|e BOA001
|j MZK50
|s A
|